Les joueurs avec le plus de trophée d'homme du match à l'euro - Statistiques

Statistiques générales
  • Ce quiz a été pris 36 fois
  • Le résultat moyen est 3 sur 10
Statistiques - réponses
Nombre de fois homme du match Joueur % Correct
6 Cristiano Ronaldo
94%
6 Andres Iniesta
73%
4 Zinédine Zidane
55%
4 Andrea Pirlo
33%
3 Luka Modric
33%
3 Pepe
18%
3 Zlatan Ibrahimovic
18%
3 Mesut Ozil
12%
4 Granit Xhaka
3%
3 Michael Ballack
3%
Aucun quiz correspondant
Distribution des résultats
% des personnes avec chaque résultat
Percentile par nombre de réponses
Votre historique - résultats
Vous n’avez pas pris ce quiz